[Event "British Rapidplay"]
[Site "Peterborough"]
[Date "2025.03.01"]
[Round "2"]
[White "Sivanandan, Bodhana"]
[Black "Middleton, Tom"]
[Result "1-0"]
[WhiteElo "2073"]
[BlackElo "1976"]
[PlyCount "101"]
[EventDate "2025.03.01"]
[EventType "swiss (rapid)"]
[EventRounds "11"]
[EventCountry "ENG"]
[SourceTitle "CB10_2025"]
[SourceDate "2025.03.05"]
[SourceVersion "1"]
[SourceVersionDate "2025.03.05"]
[SourceQuality "1"]

1. e4 e5 2. Nf3 Nc6 3. Nc3 Nf6 4. d4 exd4 5. Nxd4 Bb4 6. Nxc6 bxc6 7. Bd3 d5 8. exd5 cxd5 9. 0-0 0-0 10. h3 c6 11. Qf3 h6 12. Bf4 Bd6 13. Ne2 Rb8 14. b3 Bxf4 15. Nxf4 Qd6 16. c4 d4 17. Qg3 Rd8 18. Rae1 c5 19. Nh5 Qxg3 20. Nxf6+ gxf6 21. fxg3 Kg7 22. Re7 Rb7 23. Rfe1 Rxe7 24. Rxe7 Rd7 25. Re8 Rc7 26. Kf2 f5 27. Rd8 Kf6 28. Kf3 Ke7 29. Rh8 Rc6 30. Kf4 Bd7 31. Ra8 Ra6 32. a4 Rb6 33. Rxa7 Kd6 34. Bc2 d3 35. Bxd3 Rxb3 36. Bxf5 Bxf5 37. Kxf5 Rxg3 38. Rxf7 Rxg2 39. Rf6+ Ke7 40. Rxh6 Ra2 41. Ke5 Rxa4 42. Kd5 Ra1 43. Kxc5 Rh1 44. Kc6 Kd8 45. c5 Rh2 46. Rh8+ Ke7 47. Kc7 Rc2 48. c6 Rb2 49. h4 Kf7 50. h5 Kg7 51. Rd8 1-0

[Event "BCF-chT2 2425 (4NCL)"]
[Site "England"]
[Date "2025.02.16"]
[Round "6.46"]
[White "Sivanandan, Bodhana"]
[Black "Duckers, Harvey L"]
[Result "1-0"]
[WhiteElo "2073"]
[BlackElo "1879"]
[PlyCount "93"]
[EventDate "2024.11.23"]
[EventType "team-tourn"]
[EventRounds "11"]
[EventCountry "ENG"]
[SourceTitle "CB14_2025"]
[SourceDate "2024.11.01"]
[SourceVersion "1"]
[SourceVersionDate "2024.11.01"]
[SourceQuality "1"]
[WhiteTeam "Cambridge University"]
[BlackTeam "Crowthorne"]
[WhiteTeamCountry "ENG"]
[BlackTeamCountry "ENG"]

1. e4 e6 2. d4 d5 3. Nd2 c5 4. exd5 exd5 5. Ngf3 Nc6 6. Bb5 Bd6 7. 0-0 Nge7 8. dxc5 Bxc5 9. Nb3 Bd6 10. h3 0-0 11. Re1 Bf5 12. Nfd4 Bg6 13. Be3 a6 14. Bxc6 bxc6 15. Nf3 Nf5 16. Bc5 Bxc5 17. Nxc5 Qd6 18. b4 Rfb8 19. a3 a5 20. c3 Ra7 21. Rc1 axb4 22. axb4 h6 23. Nd4 Qf6 24. Ncb3 Rc8 25. Nxf5 Bxf5 26. Qf3 Qg6 27. Ra1 Be4 28. Qg4 Rca8 29. Qxg6 fxg6 30. f3 Rxa1 31. Rxa1 Rxa1+ 32. Nxa1 Bf5 33. h4 Kf7 34. Kf2 Ke7 35. Ke3 g5 36. hxg5 hxg5 37. Nb3 Kd6 38. Kd4 Bc2 39. Nd2 Bd1 40. Nf1 Ke6 41. Ne3 Be2 42. Nc2 Bf1 43. g3 Be2 44. Kc5 Bd1 45. Nd4+ Kd7 46. Nxc6 Kc7 47. Nd4 1-0

[Event "London Classic op 14th"]
[Site "London"]
[Date "2024.12.07"]
[Round "9"]
[White "Sivanandan, Bodhana"]
[Black "Cancedda Dupuis, Livio"]
[Result "1/2-1/2"]
[WhiteElo "2082"]
[BlackElo "2039"]
[PlyCount "135"]
[EventDate "2024.11.29"]
[EventType "swiss"]
[EventRounds "9"]
[EventCountry "ENG"]
[SourceTitle "CB50_2024"]
[SourceDate "2024.11.01"]
[SourceVersion "1"]
[SourceVersionDate "2024.11.01"]
[SourceQuality "2"]

1. e4 c5 2. Nf3 a6 3. g3 Nc6 4. Bg2 e5 5. 0-0 g6 6. c3 Bg7 7. d3 d6 8. Be3 Nge7 9. d4 cxd4 10. cxd4 Bg4 11. d5 Nd4 12. Bxd4 exd4 13. Nbd2 0-0 14. h3 Bxf3 15. Nxf3 Qb6 16. Qd2 f5 17. Rad1 fxe4 18. Nxd4 Bxd4 19. Qxd4 Qxd4 20. Rxd4 e3 21. fxe3 Nf5 22. Re4 Nxg3 23. Rxf8+ Kxf8 24. Re6 Rd8 25. Bf3 Nf5 26. Bg4 Ng7 27. Re4 h5 28. Be6 g5 29. h4 Nxe6 30. Rxe6 gxh4 31. Kf2 Kg7 32. Re4 Rf8+ 33. Kg2 Rf5 34. Re7+ Kg6 35. Kh3 Rxd5 36. Kxh4 Re5 37. Rxb7 Re4+ 38. Kg3 Rxe3+ 39. Kf2 Rd3 40. a4 Kf5 41. b4 Rb3 42. b5 axb5 43. axb5 Ke4 44. b6 Rb2+ 45. Ke1 Kd3 46. Rh7 d5 47. Rxh5 Rb1+ 48. Kf2 d4 49. Rh6 Kd2 50. Rd6 d3 51. Kf3 Kc3 52. Rc6+ Kd2 53. Rd6 Kc2 54. Rc6+ Kd1 55. Ke3 d2 56. Rd6 Rb3+ 57. Kf2 Rb2 58. Rc6 Rb5 59. Rd6 Rb3 60. Re6 Rb1 61. Rd6 Rb3 62. Re6 Rh3 63. b7 Rb3 64. Re7 Rb2 65. Rc7 Rb3 66. Re7 Rb2 67. Rc7 Rb3 68. Re7 1/2-1/2

[Event "London Classic Superblitz Gp-D"]
[Site "London"]
[Date "2024.12.07"]
[Round "5"]
[White "Watson, William N"]
[Black "Sivanandan, Bodhana"]
[Result "1-0"]
[WhiteElo "2475"]
[BlackElo "2074"]
[PlyCount "93"]
[EventDate "2024.12.07"]
[EventType "tourn (blitz)"]
[EventRounds "7"]
[EventCountry "ENG"]
[EventCategory "9"]
[SourceTitle "CB04_2025"]
[SourceDate "2025.01.22"]
[SourceVersion "1"]
[SourceVersionDate "2025.01.22"]
[SourceQuality "1"]

1. e4 e5 2. Nc3 Nc6 3. Bc4 Nf6 4. d3 h6 5. f4 Bb4 6. Nf3 d6 7. 0-0 exf4 8. Bxf4 0-0 9. Nd5 Bg4 10. c3 Bc5+ 11. d4 Bb6 12. Qd3 Nxd5 13. Bxd5 Rb8 14. a4 a5 15. Rae1 Ne7 16. Bb3 Be6 17. Bc2 Qd7 18. Kh1 Rfe8 19. Nh4 Ng6 20. e5 dxe5 21. Bxe5 Nxe5 22. Qh7+ Kf8 23. Rxe5 Ke7 24. Nf5+ Kd8 25. Nxg7 c6 26. Nxe8 Qxe8 27. Bf5 Bc7 28. Re4 b6 29. Bxe6 fxe6 30. Qg7 Bd6 31. Rf7 Kc8 32. Qg6 Rb7 33. Rc7+ Kxc7 34. Qxe8 b5 35. axb5 Rxb5 36. Re2 a4 37. Qxe6 a3 38. bxa3 Bxa3 39. g3 Bd6 40. Qxh6 Rb1+ 41. Kg2 Rb5 42. Qg7+ Kb6 43. Qf7 Rb1 44. Re6 Ba3 45. Qd7 Ka5 46. Qxc6 Rb3 47. Qa6# 1-0

[Event "London Classic op 14th"]
[Site "London"]
[Date "2024.12.02"]
[Round "5"]
[White "Banerjee, Supratit"]
[Black "Sivanandan, Bodhana"]
[Result "1-0"]
[WhiteElo "2141"]
[BlackElo "2082"]
[PlyCount "115"]
[EventDate "2024.11.29"]
[EventType "swiss"]
[EventRounds "9"]
[EventCountry "ENG"]
[SourceTitle "CB50_2024"]
[SourceDate "2024.11.01"]
[SourceVersion "1"]
[SourceVersionDate "2024.11.01"]
[SourceQuality "2"]

1. e4 c6 2. d4 d5 3. Nd2 dxe4 4. Nxe4 Nf6 5. Nxf6+ exf6 6. c3 Bd6 7. Bd3 0-0 8. Ne2 Re8 9. 0-0 Nd7 10. Bf4 Nf8 11. Bxd6 Qxd6 12. Ng3 g6 13. Ne4 Qd8 14. Re1 Be6 15. Nc5 Qc7 16. Qf3 Kg7 17. Qg3 Qxg3 18. hxg3 Re7 19. Re3 Rae8 20. Rae1 f5 21. b4 Kf6 22. c4 Bc8 23. a4 Ne6 24. g4 h6 25. gxf5 gxf5 26. Bxf5 Nxc5 27. Bxc8 Nxa4 28. Bxb7 Rxe3 29. fxe3 Re6 30. e4 Nb6 31. c5 Na4 32. d5 cxd5 33. Rf1+ Kg7 34. exd5 Re4 35. d6 Rd4 36. Ra1 Nc3 37. c6 Nb5 38. d7 Kf8 39. Ra5 Nc7 40. Rxa7 Ke7 41. Ba6 Kd8 42. b5 Rb4 43. Rb7 Rd4 44. Rb8+ Ke7 45. Rc8 Ne6 46. Re8+ Kf6 47. Rxe6+ fxe6 48. c7 Rxd7 49. c8Q Rd6 50. b6 Rxb6 51. Qd8+ Kg7 52. Qxb6 Kf7 53. Bc4 Ke7 54. Qxe6+ Kd8 55. Qd6+ Ke8 56. Be6 h5 57. Qd7+ Kf8 58. Qf7# 1-0

[Event "BCF-chT2 2425 (4NCL)"]
[Site "England"]
[Date "2024.11.24"]
[Round "2.43"]
[White "Navaratnam, Rohan Shan Tze"]
[Black "Sivanandan, Bodhana"]
[Result "1-0"]
[WhiteElo "2306"]
[BlackElo "2082"]
[PlyCount "109"]
[EventDate "2024.11.23"]
[EventType "team-tourn"]
[EventRounds "11"]
[EventCountry "ENG"]
[SourceTitle "CB48_2024"]
[SourceDate "2024.11.28"]
[SourceVersion "1"]
[SourceVersionDate "2024.11.28"]
[SourceQuality "1"]
[WhiteTeam "Greater Woodpushers"]
[BlackTeam "Cambridge University"]
[WhiteTeamCountry "ENG"]
[BlackTeamCountry "ENG"]

1. Nf3 d5 2. d4 Nf6 3. c4 c6 4. e3 Bf5 5. cxd5 cxd5 6. Qb3 Qb6 7. Qxb6 axb6 8. Bb5+ Nc6 9. Nc3 Bd7 10. Bd2 Nb8 11. Ne5 e6 12. Nxd7 Nfxd7 13. Na4 Nc6 14. Rc1 Rc8 15. 0-0 Bd6 16. Rc2 Ke7 17. Rfc1 Na7 18. Bxd7 Rxc2 19. Rxc2 Kxd7 20. Nxb6+ Ke7 21. f3 f5 22. Kf2 h6 23. b4 g5 24. a4 Kd8 25. b5 Ke7 26. h3 Rf8 27. Ke2 Rg8 28. Be1 h5 29. Kd3 Rf8 30. Rc1 Rg8 31. Rc2 Rf8 32. Bd2 Rg8 33. e4 dxe4+ 34. fxe4 fxe4+ 35. Kxe4 Kd8 36. Ba5 Ke7 37. Bd2 Kd8 38. Be3 Rg7 39. g4 hxg4 40. hxg4 Rg8 41. Rc1 Rg7 42. Rh1 Rg8 43. Rh7 Be7 44. d5 exd5+ 45. Kxd5 Ke8 46. Bc5 Bxc5 47. Kxc5 Kd8 48. Rd7+ Ke8 49. Rxb7 Nxb5 50. Kxb5 Rg6 51. a5 Rf6 52. a6 Rf1 53. a7 Rb1+ 54. Ka5 Ra1+ 55. Na4 1-0